| 000 | 01324nam a2200253Ia 4500 | ||
|---|---|---|---|
| 003 | Ost | ||
| 005 | 20260416102354.0 | ||
| 008 | 260416s9999||||xx |||||||||||||| ||und|| | ||
| 040 | _cfsecg | ||
| 041 | _aara | ||
| 082 | _a1.64 | ||
| 100 |
_aبوعراب، رابح _eمؤلف |
||
| 245 | 0 |
_aدروس وتطبيقات متقدمة في برنامج SPSS / _c رابح بوعراب |
|
| 260 |
_aالجزائر _bجامعة الجزائر3: كلية العلوم الإقتصادية، العلوم التجارية وعلوم التسيير _c2019 |
||
| 300 |
_a134 ورقة _bايضاحات _c30 سم |
||
| 504 | _aمراجع ص.134 | ||
| 520 | _aمفاهيم أساسية حول البيانات الاحصائية و طرق جمعها، بعض المبادئ الاساسية لاستعمال برنامج SPSS، بعض تقنيات ادارة البيانات باستخدام برنامج SPSS، التحليل الاحصائي للبيانات باستخدام برنامج SPSS | ||
| 653 | _aالاحصاء التحليلي | ||
| 653 | _aالبرامج | ||
| 653 | _aالبرمجة الآلية | ||
| 653 | _aالبيانات | ||
| 710 |
_aجامعة الجزائر3: كلية العلوم الإقتصادية، العلوم التجارية وعلوم التسيير _eناشر علمي |
||
| 942 | _cHANDOUT | ||
| 999 |
_c41126 _d41126 |
||